How to be a brilliant leader.

Bibliographic Details
Main Author: Cooper, Simon
Format: Book
Published: Edinburgh Gate, Harlow: Pearson, 2015.
Edition:2nd ed..
Subjects:
LEADER 00425cam a2200157 7i4500
001 0000032517
005 20150907090000.0
020 0 0 |a 9781292081052  
090 0 0 |a B 658.409   |b COO 
100 1 0 |a Cooper, Simon  
245 1 0 |a How to be a brilliant leader. 
250 0 0 |a 2nd ed.. 
260 0 0 |a Edinburgh Gate, Harlow:   |b Pearson,   |c 2015. 
300 # # |a 197 pages. 
650 0 0 |a Leadership  
999 |a B000036668  |b Book  |c Book  |e Business Information Centre